[Event "World Cup of Rapid Chess-A"]
[Site "Cannes"]
[Date "2001.03.21"]
[Round "4"]
[White "Grischuk, Alexander"]
[Black "Bauer, Christian"]
[Result "1-0"]
[WhiteElo "2663"]
[BlackElo "2618"]
[Annotator "Lukacs,P"]
[PlyCount "157"]
[EventDate "2001.03.21"]
[EventType "tourn (rapid)"]
[EventRounds "5"]
[EventCountry "FRA"]
[EventCategory "18"]
[SourceTitle "CBM 082"]
[Source "ChessBase"]
[SourceDate "2001.05.17"]
[SourceVersion "1"]
[SourceVersionDate "2001.05.17"]
[SourceQuality "1"]

1. e4 {[%mdl 32]} c6 2. d4 d5 3. e5 c5 4. dxc5 e6 5. Nf3 Bxc5 6. Bd3 Nc6 7. O-O
f6 $1 {This is the typical "French" method blowing up the [+].} 8. Qe2 fxe5 9.
Nxe5 Nxe5 10. Qxe5 Nf6 11. Nd2 {/\ Nf3 fighting for the blockade of e5 and d4.}
(11. c4 {- Shirov-Agdestein, Bergen Radisson SAS m rapid 2001 CBM 82}) 11...
O-O 12. Nf3 {The Q is not a good blockading piece.} Bd6 13. Qe2 Qc7 ({This was
the first time to solve radically the problem of the backward P on e6.} 13...
e5 $142 $5 14. Nxe5 Re8 15. f4 (15. Bf4 $2 Ng4 $1) 15... Ng4 16. Qf3 Bxe5 17.
fxe5 Nxe5 $11) 14. Re1 $6 {This allows again Black to come out of passivity.} (
14. c4 {was the precise move order.} Bd7 15. Re1 {- 14.Re1 Bd7 15.c4}) 14...
Bd7 ({missing} 14... e5 $1 {again} 15. Nxe5 Re8 16. Bf4 (16. f4 Ng4 17. Rf1
Bxe5 $1 (17... Nxe5 18. fxe5 Rxe5 (18... Bxe5 $4 {loses to} 19. Bxh7+ $1 $18)
19. Qf3 $14 {and the isolated P on d5 remains weak.}) 18. fxe5 Qxe5 19. Qxe5
Nxe5 20. Bb5 Bd7 $11 {and Black is quicker in finishing development.}) 16...
Bg4 $1 (16... Ng4 {allows the witty "petite" combination} 17. Bxh7+ $1 Kxh7 18.
Qd3+ Kg8 19. Nxg4 Rxe1+ 20. Rxe1 Bxf4 21. Nf6+ $1 $18) 17. Qe3 (17. f3 Nh5 18.
g3 Bh3 $15 {and White remains pinned on the e <->.}) (17. Bxh7+ Kxh7 18. Qd3+
Kh8 $1 19. Nxg4 (19. Ng6+ Kg8 20. Bxd6 Qxd6 $17) 19... Bxf4 20. Nxf6 gxf6 $17)
17... Re7 $1 18. Bg3 Rae8 19. Nxg4 Rxe3 $15) 15. Bg5 (15. c4 Rae8 16. Bg5 {
is again met by the standard} e5 $1 17. Bxf6 e4 $1 $13) 15... Rae8 (15... e5 $5
{was the last chance avoiding passivity.} 16. Nxe5 (16. Bxf6 Rxf6 (16... gxf6
17. Bb5 e4 18. Bxd7 Qxd7 19. Nd4 f5 20. Rad1 $13) 17. Nxe5 Re6 (17... Re8 $2 {
founders on the tactical blow} 18. Nxd7 $1 Rxe2 19. Nxf6+ gxf6 20. Rxe2 $16)
18. f4 (18. Qh5 $6 Bxe5 19. Bxh7+ Kf8 20. Qf5+ Ke7 $17 {and White's dreams of
an -> cannot be realized.}) 18... Rae8 19. Qd2 Bxe5 $11 {with an easy
equalization.}) 16... Rfe8 (16... Rae8 $2 {is again punished by the same way:}
17. Bxf6 Rxf6 (17... gxf6 $2 18. Qh5 $18) 18. Nxd7 Rxe2 19. Nxf6+ gxf6 20. Rxe2
Bxh2+ 21. Kf1 $16 {and two rooks are much better than the Q, and Black's pawns
are in 4 islands.}) 17. Bxf6 gxf6 18. Qh5 $1 (18. Bxh7+ {is parried by the
cold-blooded} Kg7 $1) 18... fxe5 $1 (18... Bxe5 19. Qxh7+ Kf8 20. Qh6+ Ke7 21.
f4 $1 Kd8 22. fxe5 fxe5 23. Qf6+ Re7 24. Re3 $16) 19. Qxh7+ (19. Bxh7+ $5 Kg7
20. Qg6+ Kh8 21. Qh6 Bf8) 19... Kf8 20. Re3 (20. Bg6 $6 Bb5 $1 {vacates the c6
square for the K.} (20... Bc6 $2 21. Qh8+ Ke7 22. Qh4+ Kf8 (22... Kd7 23. Bf5+
$18) 23. Re3 $1 $16) (20... Be6 21. Qh8+ Ke7 22. Bxe8 Rxe8 23. Qh4+ Kd7 $13)
21. Qh8+ Ke7 22. Qh4+ Kd7 $1 {and the K has escaped.} (22... Kf8 23. Re3 $18))
20... e4 21. Rf3+ exf3 22. Qh6+ $11 {and draw by perpetual checks.}) 16. Ne5
$14 Bc8 (16... Bxe5 17. Qxe5 Qxe5 18. Rxe5 Ng4 19. Re2 e5 (19... h6 20. Bd2 $14
) 20. f3 $14 {/\ Rae1 attacking Black's central pawns.}) 17. c3 (17. Bf4 $14)
17... h6 (17... Bxe5 18. Qxe5 Qxe5 19. Rxe5 Ng4 20. Re2 e5 (20... h6 21. Bd2
$14) 21. f3 $14 {/\ Rae1 is similar to the previous note.}) 18. Bh4 {/\ Bg3 is
the positional approach overprotecting the key square >< e5.} (18. Bxf6 Rxf6
19. Qh5 Ref8 20. Ng4 $16 {was also tempting with some attacking chances on the
>>.}) 18... Nd7 19. Bg3 Nxe5 20. Bxe5 Bxe5 21. Qxe5 Qb6 (21... Qxe5 22. Rxe5
$14 {and White still holds >< e5.}) 22. Re2 Rf6 23. Qd4 $1 Qxd4 24. cxd4 {
[%mdl 4096] Now White has an ideal "French" _|_ with a good B versus bad one.
The dark squares are weak, and the backward e6 P causes more problem than the
d4 one.} Bd7 (24... Rf4 25. Rd1 $14) 25. Rc1 {occupying the opened <-> is a
must for both.} Rf4 26. Bg6 (26. Rd2 {was also interesting, for example:} Bc6 (
26... e5 27. Rc7 $1 Bc6 28. Bg6 Re6 29. Rc8+ Rf8 30. Bh7+ Kf7 31. Rc7+ Kf6 32.
Rd3 e4 33. Rg3 g5 34. Rh3 $18) 27. b4 $14) 26... Rd8 27. Rd2 Bc6 28. g3 Rf6 29.
Bd3 Kf7 30. b4 Ke7 31. b5 Be8 32. Rc7+ {finally White exchanges his active R
for the passive one, so better seems to be} (32. f4 $14 {maintaining the
pressure on the dark squares.}) 32... Rd7 33. Rc8 Rd8 (33... g5 34. Ra8) 34.
Rc7+ Rd7 35. Rxd7+ Bxd7 36. f4 Rf8 (36... g5 $5 {Soon or later Black has to
play actively.}) 37. Rc2 Kd6 38. h4 g5 39. fxg5 hxg5 40. Rf2 $5 {[#]} (40. hxg5
{looked simple and strong.} Rf3 (40... Rg8 41. g6 {This o^ will decide the _|_.
} a6 (41... Be8 $2 42. Rc8) 42. a4 axb5 43. axb5 $16) 41. g6 $1 {This is the
important o^.} Rxg3+ (41... Rxd3 $2 42. g7 $18) 42. Rg2 Rxg2+ 43. Kxg2 Ke7 44.
Kg3 Kf6 45. Kh4 Kg7 46. Kg5 $16) 40... Rxf2 $2 {The B _|_ is inferior for
Black because of White's remote o^.} (40... Rh8 $1 {was the best chance for a
defence keeping the "drawish" rooks on the board.} 41. hxg5 Rg8 42. g6 Be8 (
42... a6 $2 43. bxa6 bxa6 44. Rf6 $18) 43. Rf6 Ke7 44. Rf4 Bxg6) (40... Rg8 $6
{is also inferior because of} 41. h5) 41. Kxf2 gxh4 42. gxh4 e5 (42... Be8 {
looked more persistant not allowing h5 immediately.} 43. Ke3 e5 44. Be2 $16)
43. dxe5+ Kxe5 44. h5 Kf6 45. h6 a6 (45... d4 46. Kf3 $18) 46. bxa6 bxa6 47.
Ke3 $18 {This is the typical advantage of the remote o^.} a5 48. Kd4 a4 49. a3
{White has to fix the P on the colour of the B.} Bc6 50. Kc5 Bd7 51. Kxd5 Be8
52. Kc5 Bf7 53. Kb4 Bb3 54. Kc3 Bd5 55. Bc2 Bc6 56. Kb4 Bd7 57. Bxa4 Bf5 58.
Kc3 Be4 59. Bc2 Bc6 60. Kd4 Bb5 61. Kc5 Bd7 62. Bd3 Ba4 63. Kd6 Bb3 64. Kc5 Ba4
65. Kb4 Bd1 66. Kc3 Ba4 67. Bc2 Bc6 68. Kb4 Bd7 69. Ba4 Bf5 70. Bb5 Bc2 71. Kc3
Bd1 72. Be8 Be2 73. a4 Ba6 74. a5 Bb7 75. Kd4 Bc8 76. Kc5 Ba6 77. Kb6 Bc8 78.
Bc6 Kg6 79. Bb7 1-0

[Event "World Cup of Rapid Chess-A"]
[Site "Cannes"]
[Date "2001.03.22"]
[Round "5"]
[White "Lautier, Joel"]
[Black "Grischuk, Alexander"]
[Result "1/2-1/2"]
[WhiteElo "2658"]
[BlackElo "2663"]
[Annotator "Bangiev,A"]
[PlyCount "58"]
[EventDate "2001.03.21"]
[EventType "tourn (rapid)"]
[EventRounds "5"]
[EventCountry "FRA"]
[EventCategory "18"]
[SourceTitle "CBM 082"]
[Source "ChessBase"]
[SourceDate "2001.05.17"]
[SourceVersion "1"]
[SourceVersionDate "2001.05.17"]
[SourceQuality "1"]

1. d4 {Kostakiev,D} d5 2. c4 e6 3. Nc3 c5 4. cxd5 exd5 5. Nf3 Nc6 6. g3 Nf6 7.
Bg2 Be7 8. O-O O-O 9. Bg5 {Kostakiev,D: 'Richard Reti in his famouse nice
"teach - yourself book" put a "?" on this move. Nowadays almost nobody among
the strongest shared this oppinion. '} cxd4 10. Nxd4 h6 11. Bf4 Bg4 12. h3 Bd7
{Ein seltener Zug. Schwarz beabsichtigt den Nd4 mittels Qb6 zu vertreiben, nur
dann kommt der Läufer nach e6. Der Pd5 ist wegen der Bauernschwäche auf h3
taktisch gedeckt.} ({Die Hauptvariante ist hier} 12... Be6 {z.B.} 13. Nxe6 fxe6
14. e4 d4 15. e5 dxc3 16. exf6 Bxf6 17. bxc3 Qxd1 18. Raxd1 Rad8 19. Rb1 Rd7
20. Rfe1 Kf7 21. Bxc6 bxc6 22. Rb3 Rfd8 23. Re4 Rd5 $11 {1/2-1/2 Vaganian,R-Bu
Xiangzhi/Deizisau 2000/(51)}) 13. Kh2 {Kostakiev,D: 'On this important
crossroad here is some referances about the rather exploited lines:'} (13. Nxd5
{Dies führt zu Vereinfachung der Stellung.} Nxd5 14. Bxd5 Bxh3 15. Nxc6 bxc6
16. Bg2 (16. Bxc6 Bxf1 17. Bxa8 Qxa8 18. Qxf1 Bf6 $11) 16... Bxg2 17. Qxd8
Rfxd8 18. Kxg2 Bf6 19. Rab1 c5 20. Rfc1 Rac8 $11 {1-0 Zayac,E-Vunder,A/St
Petersburg 1998/(64)}) (13. Rc1 Qb6 (13... Rc8 {Kostakiev,D} 14. Kh2 Nxd4 (
14... Be6 {(Kostakiev,D) 1/2-1/2 Rodriguez,A-Vladimirov,E/Cienfuegos 1986/MCL 
(21)}) 15. Qxd4 {1-0 Gallego Jimenez,V-Vila Todosantos,J/Zaragoza 1993/EXT 98 
(41)}) 14. Nb3 Rad8 15. Be3 d4 $5 (15... Qc7 {Kostakiev,D} 16. Bc5 {1-0 Basin,
L-Malevinsky,A/Kostroma 1985/MCD (65)}) 16. Bxd4 (16. Nxd4 {Kostakiev,D}) 16...
Nxd4 17. Qxd4 Qxd4 18. Nxd4 Bxh3 19. Bxh3 Rxd4 $11 {1-0 Popov,V-Bezgodov,A/
Samara 2000/(68)}) (13. Ndb5 $6 Be6 (13... a6 {(Kostakiev,D) 1-0 Babula,V-Pick,
S/Pardubice 1998/EXT 99 (24)}) 14. Nc7 g5 $1 15. Nxe6 fxe6 16. Bc1 (16. Bd2 {
Kostakiev,D} Ne5 (16... Bd6 {(Kostakiev,D) 1-0 De Haan,E-Reed,J/Soest 1999/EXT
2000 (31)}) 17. Kh1 {1/2-1/2 Von Gleich,A-Breutigam,M/Germany 1993/GER-chT (41)
}) 16... Qb6 {mit Schwarzer Initiative.}) (13. Nb3 {(Kostakiev,D) 1-0 Karasev,
V-Vunder,A/St Petersburg 1997/CBM 58 (39)}) (13. Nxd5 {(Kostakiev,D) 1-0 Zayac,
E-Vunder,A/St Petersburg 1998/EXT 99 (64)}) 13... Qb6 14. Be3 (14. Nb3 Rad8 15.
Be3 (15. Nxd5 Nxd5 16. Bxd5 Nb4) 15... d4 $1) 14... Qxb2 $1 {Nur so der
Nachziehende seine riskante Strategie rechtfertigen kann.} 15. Nxd5 Nxd5 16.
Bxd5 Rad8 {[%mdl 8] 'N' Kostakiev,D.} (16... Bf6 $2 17. Rb1 Qa3 18. Rxb7 $16 {
0-1 Reeh,O-Breutigam,M/Delmenhorst 1987/(39)} Rad8 19. Qb3 $6 {0-1 Reeh,
O-Breutigam,M/Delmenhorst 1987/TD (39). (39)} (19. Rxd7 $6 {Kostakiev,D} Rxd7
20. Nxc6 Qd6 21. Bxf7+ Rfxf7 22. Qa4 Qe6 23. Rb1 Rb7 $15) (19. Nb5 $5 {
Kostakiev,D} Qa6 20. Nd6 Be6 21. Bxe6 fxe6 22. Bc5 Bd4 23. Bxd4 Nxd4 24. Rxg7+
Kxg7 25. Qxd4+ Kg8 26. Qg4+ Kh8 27. Ne4 Qb6 28. Qh5 $11) (19. Bc1 {Kostakiev,D}
Qd6 20. Nb5 Qe5 21. e4 Na5 22. f4 (22. Rxd7 $5 {Kostakiev,D} Rxd7 23. Qa4 a6
24. Qxa5 $11) 22... Qa1 23. Qf3 Bxh3 24. Kxh3)) (16... Nxd4 {Kostakiev,D} 17.
Bxd4 Qb5 18. Qb3 Bd6 19. Qf3 {1-0 Haag,M-Barthel,A/Muenster 1987/EXT 2001 (28)}
(19. Bxb7 $5 {Kostakiev,D} Rae8 20. Qxb5 Bxb5 21. Bxa7 $11)) 17. Rb1 {'+/='
Kostakiev,D.} Qa3 18. Qc1 (18. Rxb7 Nxd4 19. Qxd4 (19. Bxd4 Bxh3 $1) (19. Bxd4
{Kostakiev,D}) 19... Be6 20. Qxa7 Rxd5 21. Rxe7 Ra5 22. Qc7 Qxa2 $132) 18...
Qxc1 {'=' Kostakiev,D.} (18... Nxd4 19. Qxa3 Bxa3 20. Bxd4 Bf5 21. e4 Bxe4 22.
Bxe4 Rxd4 23. Bxb7 Rd2 $15) 19. Rfxc1 Nxd4 20. Bxd4 Bf5 21. e4 Bxe4 22. Bxe4
Rxd4 23. Bxb7 Rd2 24. Kg2 Rxa2 25. Bd5 Rd2 26. Rb7 Bd8 27. Rd7 Rb2 (27... Bb6
$2 28. Bxf7+) 28. Rc3 a5 29. Bxf7+ Rxf7 1/2-1/2

[Event "World Cup of Rapid Chess KO"]
[Site "Cannes"]
[Date "2001.03.23"]
[Round "1.1"]
[White "Grischuk, Alexander"]
[Black "Gurevich, Mikhail"]
[Result "0-1"]
[WhiteElo "2663"]
[BlackElo "2694"]
[Annotator "Psakhis,L"]
[PlyCount "111"]
[EventDate "2001.03.24"]
[EventType "k.o. (rapid)"]
[EventRounds "3"]
[EventCountry "FRA"]
[SourceTitle "CBM 082"]
[Source "ChessBase"]
[SourceDate "2001.05.17"]
[SourceVersion "1"]
[SourceVersionDate "2001.05.17"]
[SourceQuality "1"]

1. e4 e6 2. d4 d5 3. e5 c5 4. c3 Qb6 5. Nf3 Bd7 6. Be2 cxd4 ({After} 6... Bb5 {
worth considering} 7. c4) 7. cxd4 Bb5 (7... Bb4+ 8. Nc3 Bb5 9. O-O Bxe2 10.
Nxe2 Nc6 11. Qd3 Rc8 12. Ng3 h5 13. h4 Be7 14. a3 Na5 $13 {1-0 Gomez Alvarez,
F-Fernandez Diez,A/Asturia t-chB 2000 (67)}) 8. Nc3 (8. O-O Bxe2 9. Qxe2 Nc6
$11) 8... Bxe2 9. Nxe2 Ne7 {Improvement compare to} (9... Nc6 10. O-O O-O-O 11.
Rb1 Kb8 12. b4 Rc8 13. Bd2 h6 14. a4 g5 15. Bc3 $16 {1-0 Short,N-Ward,C/Isle
of Man op 1999/CBM 74/ (27) and white's advantage is obvious.}) 10. O-O Nec6 $5
$146 {God question:where to put knights on c6 and d7, or c6 and f5. Gurevich
choose first option.} (10... Nbc6 11. b3 Rc8 12. Bb2 Nb4 13. Bc3 Nec6 14. a3
Na6 15. b4 Nab8 16. Rb1 Nd7 17. Qd3 Qc7 18. Rfc1 a6 {0-1 Bukovec,T-Hari,V/
SLO-ch G20 Kranj 2001/SLO (51)}) 11. Rb1 a5 12. Be3 (12. Bg5 $5 h6 13. Bh4)
12... Nd7 13. h4 Be7 $11 {I don;t see any real problems for Black. He
successfully compleat development and White can't organize serious threats on
the king side without light-colour bishop.} 14. Bg5 h6 (14... Bf8 $6 15. h5 h6
16. Bh4 $36) 15. Bxe7 Nxe7 16. Qd2 (16. Qa4 Qb4 $11 (16... Nc6 17. b4 $5))
16... O-O 17. Rbc1 Rfc8 18. h5 Qb4 $5 19. Rc3 ({Maybe} 19. Rxc8+ Rxc8 20. Qxb4
axb4 21. Rc1 Nc6 22. Rc2 $11 {[%cal Gb2b3] was stronger than text.}) 19... Rxc3
20. bxc3 (20. Nxc3 Rc8 $36) 20... Qc4 21. Rb1 b5 22. g3 {[%cal Gf3h4,Gh4g2,
Gg2e3]} Nb8 $1 {[%cal Gb8c6,Gb5b4]} 23. Nh4 (23. Qb2 Nbc6 24. Qxb5 $140 $2 Rb8)
23... Nbc6 24. Ng2 b4 {Slowly but surely Mikhail Gurevich overplayed his young
opponent and got initiative.} 25. Ne3 (25. Rc1 b3 $5 {[%csl Ga5]}) 25... Qa6 (
25... bxc3 26. Nxc4 cxd2 27. Nxd2 Rb8 $11 {leads just to equality.}) 26. Kg2
Rb8 27. Ng1 (27. cxb4 axb4 28. Nc1 $5 {[%cal Gc1b3]}) 27... Rb7 $1 28. Rb2 (28.
Rc1 b3) 28... bxc3 29. Qxc3 Rxb2 30. Qxb2 Qd3 $36 {[%csl Gc6,Gd3,Rd4,Rh5][%mdl
4096] Black's advantage is obvious, his queen is very active and it is
difficult already to protect white's pawns/} 31. Ne2 (31. Nf3 Qe4 32. Qc3)
31... Nf5 32. Nxf5 Qxf5 33. Qc3 (33. f3 Qd3) 33... Qe4+ 34. Kf1 (34. Qf3 Qc2)
34... Nb4 35. a3 Nd3 $17 {[%csl Rf1]} 36. Qd2 $8 Qf5 37. Ng1 $1 (37. Nc3 Qf3 {
[%cal Gf3h1]}) 37... Qe4 38. Ne2 a4 $1 {[%csl Ra3]} 39. Qe3 ({Maybe} 39. Nc3 $5
Qf3 (39... Qh1+ 40. Ke2 Nc1+ 41. Ke3 Nb3 42. Qd1) 40. Qe3 $140 Qh1+ 41. Ke2 Nb2
{[%cal Gb2c4] was better chance.}) 39... Qh1+ 40. Ng1 Nb2 $1 41. Qc3 Nc4 {
[%csl Ra3]} 42. Qb4 (42. g4 Qh4 43. f3 Qe7 $1) 42... Qe4 43. Ne2 (43. Qxa4 $2
Nd2#) 43... Qc2 $19 {Rest is simple.} 44. Nf4 (44. f3 Qb3 $19) 44... Qd1+ 45.
Kg2 Qxd4 46. Kg1 (46. Qb8+ Kh7 47. Qb1+ Qe4+) 46... Qxe5 47. Qxa4 Qa1+ 48. Kg2
Qxa3 49. Qe8+ Qf8 50. Qd7 Qa8 51. Kh2 Ne5 52. Qc7 Nf3+ 53. Kh3 d4 54. Qd6 Qe4
55. Kg2 d3 {The technical part of the game was greatly conducted by Gurevich}
56. Kf1 0-1

[Event "World Cup of Rapid Chess KO"]
[Site "Cannes"]
[Date "2001.03.23"]
[Round "1.5"]
[White "Gurevich, Mikhail"]
[Black "Grischuk, Alexander"]
[Result "1-0"]
[WhiteElo "2694"]
[BlackElo "2663"]
[Annotator "Tsesarsky,I"]
[PlyCount "87"]
[EventDate "2001.03.24"]
[EventType "k.o. (rapid)"]
[EventRounds "3"]
[EventCountry "FRA"]
[SourceTitle "CBM 082"]
[Source "ChessBase"]
[SourceDate "2001.05.17"]
[SourceVersion "1"]
[SourceVersionDate "2001.05.17"]
[SourceQuality "1"]

1. c4 e6 2. d4 d5 3. Nf3 c6 4. Qc2 dxc4 5. Qxc4 Nf6 6. Bg5 b5 7. Qc2 Bb7 8. e3
Nbd7 9. Bd3 (9. Nbd2 a6 10. a4 h6 $5 (10... Qb6 {-see commented game 1/2-1/2
Fominyh,A-Kharlov,A/Samara 2000/CBM 78 (41)[Tsesarsky,I]}) 11. Bxf6 Qxf6 12.
Bd3 Bb4 13. O-O O-O 14. axb5 axb5 15. Bh7+ Kh8 16. Be4 Qe7 17. Nb3 f5 18. Bd3
Rxa1 19. Rxa1 Ra8 $11 {1/2-1/2 Sanjay,N-Kharlov,A/Calcutta IND 2001/The Week
in Chess 327 (44)}) 9... h6 $5 $146 ({On} 9... a6 {goes} 10. a4 {-Gelfand's
strong novelty} c5 (10... Bb4+ {-see commented game 0-1 Gelfand,B-Krasenkow,M/
Lvov 2000/CBM 77 (37) [Tsesarsky,I]}) (10... Rc8 $5 11. e4 $5 (11. Nc3 b4 12.
Ne4 (12. Bxf6 gxf6 13. Ne4 c5 $15) 12... c5 13. dxc5 Nxc5 14. Nxc5 Rxc5 15.
Bxf6 gxf6 16. Qe2 Qa8 $15 {1/2-1/2 Gritsak,O-Markowski,T/Zakopane 2000/CBM 78
ext (39)}) 11... c5 12. axb5 cxd4 13. Qe2 axb5 14. O-O $44) {Here on} 11. axb5
$14 {Black can't play g7-g5!}) 10. Bh4 $6 $132 {Not the best move - in view of
comments below.} ({Worse of attention was} 10. Bxf6 $1 {-White tries to use
tempo loss h7-h6.} Qxf6 {[%cal Ge6e5]} (10... gxf6 11. Nbd2 $14) 11. Nbd2 e5 ({
Or} 11... Qd8 12. O-O a6 13. a4 Rc8 14. Qb3 $14) 12. O-O (12. Ne4 Bb4+ $132)
12... exd4 13. Ne4 Qe6 14. Nxd4 Qd5 15. Rfd1 Rc8 16. Ng3 $14) 10... a6 {
[%cal Gc6c5]} 11. a4 Bb4+ $2 $16 {Pity. Excellent novelty is followed by wrong
continuation...} ({Badly also} 11... Rc8 $2 12. Qe2 (12. Nc3 b4 $132) 12... c5
13. axb5 axb5 14. Bxb5 cxd4 15. O-O dxe3 16. Ne5 $1 (16. fxe3 {[%cal Gf1f7]}
Be7 17. Nc3 O-O) 16... exf2+ 17. Kh1 $16 {[%csl Rd7][%cal Gb5e8,Gh4d8]}) ({
Very strong here was} 11... c5 $1 {Without h7-h6 and Bg7-h4 include this wove
would lead to White advantage, as noted above.} 12. Bxf6 ({Now on} 12. axb5 {
goes} g5 $1 13. Bg3 axb5 14. Rxa8 Qxa8 {with excellent position.}) 12... Qxf6
13. axb5 cxd4 $132 {this position also looks good enough for Black.}) 12. Nbd2
c5 13. Bxf6 $1 {Right moves order.} (13. axb5 $6 {would meet by} g5 $1 14. Bg3
{and now} Bxf3 ({not} 14... g4 $6 15. Nh4 $1 (15. Ne5 $2 Bxg2 16. Rg1 axb5 $1
$17) 15... axb5 16. O-O cxd4 17. Rxa8 Qxa8 18. Bxb5 (18. exd4 Qa6 $132) 18...
dxe3 19. fxe3 $14 {[%csl Re8][%cal Gf1f7,Gb5e8]}) 15. gxf3 axb5 16. O-O c4 $132
) 13... Nxf6 14. axb5 Bxf3 ({White leaves with advantage also in case of} 14...
axb5 15. Bxb5+ $16) ({or} 14... O-O 15. bxa6 Bxf3 16. gxf3 cxd4 17. Ke2 $16)
15. gxf3 O-O 16. dxc5 ({Or} 16. bxa6 cxd4 17. Ke2 $16) 16... axb5 17. Rxa8 Qxa8
18. Ke2 Rc8 19. Nb3 {White won a whole P and must win this game.} Nd7 (19...
Qc6 20. Rc1 $16) 20. Be4 ({Or} 20. Bh7+ Kf8 21. Be4 $16) 20... Qb8 21. c6 Ne5
22. Nd4 Qb6 ({Would not change nothing also} 22... Nc4 23. b3 (23. Rc1 f5)
23... Na3 24. Qb2 $16 {[%csl Ra3,Gc6,Rg7][%cal Gh1g1,Gb2g7]}) 23. f4 Ng4 $6 $18
{[%csl Rg4]} ({White keeps an advantage also after} 23... Nc4 $142 24. b3 Nd6
25. Bf3 (25. Bg2 Bc5 26. Rd1 $16) 25... Bc5 26. Rd1 $16) 24. Qd3 {[%csl Rc8,
Re6,Rg4][%cal Gd4e6,Gd3d7]} (24. Qb3 $18 {[%csl Rb4,Re6][%cal Gb3e6]}) 24...
Bc5 25. Bf3 $6 ({Immediately wins} 25. Nxe6 $1 Nf6 (25... fxe6 26. Qd7 $18) (
25... Nxf2 26. Qd7 (26. Kxf2 fxe6 27. b4 $18)) 26. Nxc5 Qxc5 27. Bf3 $18) 25...
Nf6 26. Rc1 b4 (26... Rd8 27. c7 Rc8 (27... Qxc7 28. b4 $18) 28. Nxb5 $18) 27.
Qc4 ({Again wins} 27. Nxe6 $1 fxe6 28. Qc4 $18 {[%csl Rc5,Re6]}) 27... Bxd4 28.
Qxd4 Qa5 29. Rc4 b3 30. Qc3 Qb5 31. Ke1 Nd5 32. Bxd5 Qxd5 (32... exd5 33. Rc5
Qa4 34. c7 $18) 33. c7 $6 {Gives to Black certain chance to resist} ({After} 
33. e4 Qd6 34. e5 Qd5 35. c7 $18 {White wins}) 33... Qh1+ 34. Ke2 Qxh2 35. Rd4
Qh5+ 36. Kd2 Qh4 37. Ke1 Qh1+ 38. Ke2 Qh5+ {How White can improve his position
here?} 39. Kd3 $1 {Brave White K!} Qd1+ 40. Ke4 $1 Qh1+ $6 ({Interesting was} 
40... Qh5 $1 {with a small trap:} 41. Qxb3 $1 ({Not} 41. Rd8+ $2 Kh7 42. Rd7 (
42. Rxc8 Qd5# $1) 42... Qb5 $17 {[%csl Rc7,Rd7,Re4]}) 41... Qf5+ 42. Kf3 Qh3+
43. Ke2 Qg4+ 44. Kf1 Qh3+ 45. Ke1 Qh1+ 46. Ke2 Qh5+ 47. f3 Qh2+ 48. Kd3 $18)
41. Ke5 Qh5+ 42. Kd6 Qb5 {Immediately loses.} ({In case of} 42... e5 43. fxe5
Qg6+ {White K recedes back:} 44. Kd5 Qe6+ 45. Ke4 Qg6+ 46. Kf3 Qh5+ 47. Kg2
Qg6+ 48. Kf1 $18) 43. Qc6 Qb4+ 44. Rxb4 1-0